000 00297nam a2200121Ia 4500
008 190216s9999||||xx |||||||||||||| ||und||
100 _aArthur Quiller-Couch
245 4 _aThe Taming Of The Shrew
260 _bCambridge Uty Press
_c1969
300 _a194p
650 _aEnglish Drama
942 _cBK
999 _c12435
_d12435